[Event "BL 2016-17"]
[Site "St. Veit/Glan"]
[Date "2017.03.24"]
[Round "6"]
[White "Dragnev, Valentin"]
[Black "Naumann, Alexander"]
[Result "1/2-1/2"]
[WhiteElo "2520"]
[BlackElo "2568"]
[Annotator "TA RC"]
[PlyCount "77"]
[EventDate "2017.??.??"]
[EventType "team-tourn"]
[EventCountry "AUT"]
[SourceTitle "playchess.com"]
[Source "ChessBase"]
[SourceQuality "1"]
[WhiteTeam "Wien-SK Ottakring"]
[BlackTeam "Maria Saal"]
[TimeControl "40/5400+30:1800+30"]

1. e4 {[%emt 0:00:00]} e6 {[%emt 0:00:10]} (1... c5 2. Nf3 e6 3. c3 d5 4. e5 Nc6 5. d4 Qb6 6. a3 Nh6 7. b4 cxd4 8. cxd4 Nf5 9. Be3 f6 10. exf6 gxf6 11. Nc3 Nxe3 12. fxe3 Bh6 13. e4 dxe4 14. Nxe4 O-O 15. Bc4 Kh8 16. Qd3 f5 17. Nc5 Bg7 {1-0 (58) Savchenko,B (2599)-Vitiugov,N (2738) Wroclaw 2014}) 2. d4 {[%emt 0:00:00]} d5 {[%emt 0:00:06]} 3. Nd2 $146 {[%emt 0:00:00]} (3. e5 c5 4. c3 Qb6 5. Nf3 Nc6 6. a3 Nge7 7. b4 cxd4 8. cxd4 Nf5 9. Be3 f6 10. exf6 gxf6 11. Bd3 Nxe3 12. fxe3 Bh6 13. O-O O-O 14. Qe1 Ne7 15. Nc3 Kh8 16. Qh4 Ng8 17. e4 dxe4 18. Nxe4 {0-1 (53) Zherebukh,Y (2637)-Rombaldoni,A (2528) Las Vegas 2015}) 3... c5 {[%emt 0:00:09]} 4. exd5 {[%emt 0:00:08]} Qxd5 {[%emt 0:00:10]} 5. Ngf3 {[%emt 0:00:08]} cxd4 {[%emt 0:00:13]} 6. Bc4 {[%emt 0:00:08]} Qd6 {[%emt 0:00:16]} 7. O-O {[%emt 0:00:51]} Nf6 {[%emt 0:00:11]} 8. Nb3 {[%emt 0:00:05]} Nc6 {[%emt 0:00:07]} 9. Nbxd4 {[%emt 0:03:35]} Nxd4 {[%emt 0:00:15]} 10. Qxd4 {[%emt 0:00:16]} Qxd4 {[%emt 0:01:35]} 11. Nxd4 {[%emt 0:02:15]} Bd7 {[%emt 0:00:10]} 12. Bf4 {[%emt 0:09:58]} Rc8 {[%emt 0:00:43]} 13. Bb3 {[%emt 0:00:41]} Bc5 {[%emt 0:00:17]} 14. Nf3 {[%emt 0:04:49]} Ke7 {[%emt 0:23:51]} 15. Ne5 {[%emt 0:11:06]} Rhd8 {[%emt 0:03:30]} 16. Nxd7 {[%emt 0:01:13]} Rxd7 {[%emt 0:00:30]} 17. Rae1 {[%emt 0:13:32]} h6 {[%emt 0:04:19]} 18. Re2 {[%emt 0:02:32]} b5 {[%emt 0:09:41]} 19. c3 {[%emt 0:16:32]} Nd5 {[%emt 0:00:31]} 20. Bc1 {[%emt 0:01:25]} b4 {[%emt 0:06:35]} 21. Rd1 {[%emt 0:16:37]} Rcd8 {[%emt 0:08:22]} 22. Rxd5 {[%emt 0:01:10]} Rxd5 {[%emt 0:00:11]} 23. Bxd5 {[%emt 0:00:02]} Rxd5 {[%emt 0:00:11]} 24. Bd2 {[%emt 0:00:08]} bxc3 {[%emt 0:05:50]} 25. Bxc3 {[%emt 0:00:20]} g5 {[%emt 0:12:08]} 26. Kf1 {[%emt 0:01:47]} f5 {[%emt 0:04:39]} 27. Rd2 {[%emt 0:02:51]} Kd6 {[%emt 0:00:51]} 28. Ke2 {[%emt 0:00:19]} g4 {[%emt 0:02:33]} 29. f3 {[%emt 0:02:27]} gxf3+ {[%emt 0:05:13]} 30. gxf3 {[%emt 0:00:31]} h5 {[%emt 0:00:22]} 31. h3 {[%emt 0:00:19]} e5 {[%emt 0:01:31]} 32. b3 {[%emt 0:05:09]} e4 {[%emt 0:01:12]} 33. fxe4 {[%emt 0:00:08]} fxe4 {[%emt 0:00:06]} 34. Rxd5+ {[%emt 0:02:19]} Kxd5 {[%emt 0:00:03]} 35. Bf6 {[%emt 0:01:02]} a6 {[%emt 0:00:43]} 36. Bc3 {[%emt 0:00:24]} Bb6 {[%emt 0:00:47]} 37. Bf6 {[%emt 0:00:24]} Bc5 {[%emt 0:00:08]} 38. Bc3 {[%emt 0:00:05]} Bb6 {[%emt 0:00:03]} 39. Bf6 {[%emt 0:00:05]} 1/2-1/2

[Event "BL 2016-17"]
[Site "St. Veit/Glan"]
[Date "2017.03.24"]
[Round "6"]
[White "Schneider, Ilja"]
[Black "Lendwai, Reinhard"]
[Result "1-0"]
[WhiteElo "2518"]
[BlackElo "2367"]
[Annotator "TA"]
[PlyCount "75"]
[EventDate "2017.??.??"]
[EventType "team-tourn"]
[EventCountry "AUT"]
[SourceTitle "playchess.com"]
[Source "ChessBase"]
[SourceQuality "1"]
[WhiteTeam "Wulkaprodersdorf"]
[BlackTeam "Nickelsdorf"]

{[%evp 19,75,26,41,22,35,43,51,42,43,47,40,53,68,77,78,56,75,75,72,35,35,35,47,43,49,41,68,41,45,12,17,17,21,13,24,14,14,0,7,0,0,0,0,0,0,0,0,0,35,4,1168,1124,1124,1124,29995,29996,29996,29997]} 1. d4 d5 2. c4 e6 3. Nf3 Nf6 4. g3 Bb4+ 5. Bd2 Bxd2+ 6. Qxd2 O-O 7. Bg2 c6 8. O-O Nbd7 9. Rc1 b6 {E11: Bogo-Indian} 10. a4 (10. Ne5 Bb7 11. cxd5 cxd5 12. Nc3 a6 13. Na4 Qb8 {½-½ (44) Tomashevsky,E (2749)-Jakovenko,D (2738) Khanty-Mansiysk 2015}) 10... Ba6 {LiveBook: 3 Games} 11. Na3 Rc8 $146 {The position is equal.} (11... c5 12. b4 Ne4 13. Qe1 Rc8 14. Nb5 cxb4 15. Qxb4 Rxc4 16. Rxc4 dxc4 17. Qxc4 {1-0 (48) Ju,W (2518)-Kovanova,B (2391) St Petersburg 2012}) 12. b4 Ne4 13. Qb2 Qf6 14. b5 Bb7 15. bxc6 Bxc6 16. Nb5 Bxb5 17. Qxb5 Qe7 18. cxd5 Nc3 19. Qd3 Nxd5 20. Rc4 Nb4 21. Qc3 Nd5 22. Qb3 Qd6 23. Rac1 Ne7 24. Ng5 Nf6 25. e4 {[%cal Be2e4,Be4e5][%mdl 32] Black must now prevent e5.} Qd7 26. e5 Rxc4 27. Rxc4 {Qc2 is the strong threat.} Nfd5 28. Qc2 {[%csl Gg5][%cal Rc2h7]} (28. Qb5 $5 {is interesting.} Qd8 29. Bxd5 Nxd5 30. Ne4 Qe7 31. Nd6) 28... g6 (28... Nf5 $5 {feels hotter.} 29. g4 h6 30. Nxf7 Nfe3 31. Nxh6+ Kh8) 29. Bxd5 Nxd5 30. Ne4 Kg7 31. Nd6 a6 32. h4 h6 33. h5 g5 34. Ne4 Rb8 $2 {[%mdl 8192] [#]} (34... Qe7 $11) 35. Nf6 $1 $18 {[%mdl 512]} Nxf6 36. Rc7 ({Less strong is} 36. exf6+ Kg8 $16) 36... Qd8 37. Qg6+ $1 (37. exf6+ Qxf6 38. Qc6 a5 $17) 37... Kh8 38. Rxf7 ({Worse is} 38. Qxf6+ Qxf6 39. exf6 b5 $11) 1-0

[Event "BL 2016-17"]
[Site "St. Veit/Glan"]
[Date "2017.03.24"]
[Round "6"]
[White "Rotstein, Arkadij"]
[Black "Wagner, Dennis"]
[Result "1/2-1/2"]
[WhiteElo "2502"]
[BlackElo "2568"]
[Annotator "TA"]
[PlyCount "106"]
[EventDate "2017.??.??"]
[EventType "team-tourn"]
[EventCountry "AUT"]
[SourceTitle "playchess.com"]
[Source "ChessBase"]
[SourceQuality "1"]
[WhiteTeam "Absam"]
[BlackTeam "Jenbach"]

{[%evp 11,106,0,0,0,0,0,0,0,0,0,0,0,0,0,29,0,0,0,0,0,0,0,0,0,24,22,22,16,19,22,26,14,20,12,18,0,0,0,0,0,0,0,0,0,0,0,0,0,0,0,0,0,0,0,0,0,0,0,0,0,8,8,8,0,0,0,0,0,0,0,0,0,0,0,0,0,0,0,0,0,0,0,0,0,0,0,0,0,0,0,0,0,0,0,0,0,0]} 1. d4 d5 2. Bf4 c5 3. e3 Nc6 4. c3 Nf6 5. Nd2 {D00: 1 d4 d5: Unusual lines} Bf5 (5... e6 6. Ngf3 Bd6 7. Bg3 O-O 8. Bb5 a6 9. Bxc6 bxc6 10. Qa4 Rb8 11. Qa3 Bxg3 12. hxg3 cxd4 13. cxd4 a5 14. O-O Qb6 15. b3 Ba6 {1-0 (24) Carlsen,M (2840)-Anand,V (2779) Doha 2016}) 6. Ngf3 Qb6 {LiveBook: 20 Games} 7. dxc5 Qxb2 8. Nd4 Bg4 9. Rb1 $146 (9. f3 e5 10. Nb5 O-O-O 11. Rb1 Qxa2 12. Ra1 Qb2 13. Qa4 Bf5 14. Bxe5 Bxc5 15. Bxf6 Bxe3 16. Be2 Qxd2+ 17. Kf1 gxf6 {0-1 (17) Renner,C (2375)-Lampert,J (2442) Germany 2014}) 9... Qxc3 10. Nb5 $1 {[#] Strongly threatening f3.} Qa5 (10... Bxd1 $6 11. Nxc3 Bg4 12. Rxb7 $16) (10... Qxc5 $6 11. f3 e5 12. Bg5 $14 (12. fxg4 $2 exf4 13. g5 Nb4 $19)) 11. Bc7 $1 Bxd1 12. Bxa5 Bc2 13. Rb2 {Nc7+ is the strong threat.} Rc8 ({Much worse is} 13... Nxa5 $6 14. Nc7+ (14. Rxc2 Rb8 $15) 14... Kd7 15. Nxa8 $16) 14. Rxc2 {[#] aiming for Bc3.} Nxa5 15. Nxa7 Rc7 16. Bb5+ Nd7 17. c6 bxc6 18. Nxc6 e6 19. Ke2 Bd6 20. Rhc1 Nxc6 21. Rxc6 Rxc6 {The position is equal.} 22. Rxc6 Ke7 23. Ra6 Rc8 ({Not} 23... Bxh2 $2 24. Ra7 Rd8 25. g3 $18) 24. Ra7 Rc7 25. Rxc7 Bxc7 26. Bxd7 Kxd7 $11 {[%mdl 4096] Endgame KB-KN} 27. e4 Kc6 28. h3 dxe4 29. Nxe4 h6 30. Kd3 f5 31. Nd2 Kd5 32. Nc4 e5 33. Ne3+ Ke6 34. f3 g6 35. Kc4 Bb6 36. Nd5 Bd8 37. Kc5 h5 38. a4 h4 39. Nb4 e4 40. fxe4 fxe4 41. Kd4 {And now Nc6 would win.} Kf5 42. Nd5 g5 43. Ke3 Ke5 44. Nb4 {Hoping for Nc6+.} Bb6+ 45. Ke2 Bc5 46. Nc6+ Kf4 47. a5 g4 48. hxg4 Kxg4 49. Ne5+ Kg3 50. Ng6 Ba7 51. a6 e3 52. Kf1 Bb6 53. Ke2 Ba7 1/2-1/2

[Event "BL 2016-17"]
[Site "St. Veit/Glan"]
[Date "2017.03.24"]
[Round "6"]
[White "Henrichs, Thomas"]
[Black "Danin, Alexandre"]
[Result "1-0"]
[WhiteElo "2495"]
[BlackElo "2584"]
[Annotator "TA"]
[PlyCount "113"]
[EventDate "2017.??.??"]
[EventType "team-tourn"]
[EventCountry "AUT"]
[SourceTitle "playchess.com"]
[Source "ChessBase"]
[SourceQuality "1"]
[WhiteTeam "Bregenz"]
[BlackTeam "Feffernitz"]

{[%evp 18,113,20,7,13,2,25,10,20,24,25,25,26,15,18,0,15,27,32,11,13,7,15,8,30,19,32,25,32,31,37,33,32,32,45,51,45,39,44,4,23,27,53,33,55,47,53,27,27,27,30,30,32,32,34,26,31,26,31,32,48,49,53,58,58,52,56,50,70,41,92,89,91,45,47,0,91,91,91,91,91,89,87,98,83,86,366,355,351,352,781,213,781,781,776,749,724,703]} 1. d4 d5 2. c4 c6 3. cxd5 cxd5 4. Bf4 Nc6 5. e3 Nf6 6. Nc3 Bf5 7. Qb3 Na5 8. Qa4+ {D10: Slav Defence: 3 cxd5 (without early Nf3) and 3 Nc3} Bd7 9. Qc2 e6 10. Nf3 {LiveBook: 92 Games. The position is equal.} (10. Bd3 Nc6 11. a3 Nh5 12. Be5 Nxe5 13. dxe5 g6 14. Nf3 Be7 {1-0 (44) Ponomariov,R (2709)-Motylev,A (2663) Tallinn 2016}) 10... Rc8 11. Bd3 Bb4 12. O-O O-O 13. Rfc1 h6 14. h3 Qe7 15. Ne5 Rfd8 16. Qe2 $146 Bxc3 (16... Be8 $5 {is more complex.} 17. f3 Nd7 18. Nxd7 Bxd7 19. Rc2 Bxc3 20. bxc3 Nc4) 17. bxc3 Be8 18. c4 dxc4 19. Nxc4 Nxc4 20. Bxc4 Bc6 21. Qb2 Qd7 22. Bf1 Bd5 23. Bb5 Qe7 24. a4 {[%cal Ba2a4,Ba4a5][%mdl 32]} a6 25. Bf1 Qd7 26. a5 Ne4 27. Qb4 Bc6 28. Rc2 Nf6 29. Be5 Be4 30. Rcc1 Ne8 31. Qb2 Bd5 32. Ra3 Rxc1 33. Qxc1 Rc8 34. Rc3 Rxc3 35. Qxc3 Bc6 36. Bd3 f6 37. Bg3 Nd6 38. f3 Nf5 39. Bf2 Bb5 40. Bc2 Ne7 41. Bb3 Kf7 42. e4 Qc6 43. Qb4 Ke8 (43... Qc1+ $14 44. Kh2 Qf1) 44. Kh2 $16 Qd7 45. Qc5 Qc6 46. Qb4 Qd7 $1 47. Qc3 Qc6 48. Qb2 $36 {[%mdl 2048] White is really pushing.} Qd6+ 49. Bg3 Qb4 {[#] Strongly threatening ...Bc4.} 50. Qa2 $1 Qxd4 51. Bxe6 {And now Bg8 would win.} Bd7 $2 {[%mdl 8192] [#]} (51... Nc6 $16 {keeps fighting.}) 52. Bg8 $1 $18 (52. Bf7+ Kf8 $16) 52... Kd8 53. Qf7 f5 $2 (53... Nxg8 54. Qxg8+ Ke7 55. Qxg7+ Ke6 56. Qxh6 Bc6) 54. Qf8+ Be8 55. Bf7 {[%csl Gf7][%cal Rf8e8] White is clearly winning.} ({Weaker is} 55. exf5 Qf6 56. Qxf6 gxf6 $16) 55... Qd7 56. exf5 Nxf5 57. Bxe8 1-0

[Event "BL 2016-17"]
[Site "St. Veit/Glan"]
[Date "2017.03.24"]
[Round "6"]
[White "Diermair, Andreas"]
[Black "Herbrechtsmeier, Christof"]
[Result "1/2-1/2"]
[WhiteElo "2469"]
[BlackElo "2228"]
[Annotator "TA"]
[PlyCount "91"]
[EventDate "2017.??.??"]
[EventType "team-tourn"]
[EventCountry "AUT"]
[SourceTitle "playchess.com"]
[Source "ChessBase"]
[SourceQuality "1"]
[WhiteTeam "Feffernitz"]
[BlackTeam "Bregenz"]

{[%evp 8,91,20,15,19,13,13,25,12,14,31,25,19,12,16,21,30,25,20,26,34,5,8,9,97,87,94,85,102,62,66,75,91,64,56,62,56,62,66,8,8,7,8,0,76,16,14,7,29,29,155,162,144,0,0,0,0,0,0,0,0,0,0,-136,-91,-77,-67,-69,-59,-95,-84,-88,-88,-83,-87,-70,-63,-122,-47,-46,-45,-59,-43,-51,-53,-44]} 1. d4 Nf6 2. c4 g6 3. Nf3 Bg7 4. e3 O-O 5. Be2 d5 {E60: King's Indian: Unusual lines and Fianchetto Variation without Nc3} (5... c5 6. d5 e6 7. Nc3 d6 8. O-O Re8 9. Nd2 Na6 10. e4 Nc7 11. Re1 b6 12. dxe6 Nxe6 13. Nf1 Nd4 14. f3 Nh5 15. Bd3 Be5 {1-0 (117) Nakamura,H (2787)-Caruana,F (2804) Leuven 2016}) 6. cxd5 Nxd5 7. e4 Nb6 {White has an edge.} 8. O-O c5 {[%cal Rc5d4]} 9. d5 e6 {[%cal Re6d5]} 10. Bg5 f6 $146 (10... Bf6 11. Bxf6 Qxf6 12. Nc3 Rd8 13. Qb3 exd5 14. exd5 {½-½ (57) Vakhidov,J (2472)-Gopal,G (2553) Sharjah 2014}) 11. Be3 exd5 12. exd5 Qxd5 13. Nc3 Qxd1 14. Rfxd1 (14. Raxd1 $5 {seems wilder.} Na6 15. Rfe1 Bf5 16. Bxa6 bxa6 17. Bxc5 Rfe8 18. h3) 14... Na6 15. Rd6 g5 (15... f5 $11) 16. a4 $16 {[%mdl 1024] White has strong compensation.} Bf5 17. a5 Nc8 18. Bc4+ Kh8 19. Rd2 Ne7 20. Nb5 Bg6 21. Nd6 Nf5 22. Nxb7 Nxe3 23. fxe3 (23. Bxa6 $14 Nf5 24. Nxc5) 23... Nb4 $11 24. Rc1 Rfe8 25. Kf2 (25. Nxc5 $2 g4 26. Nd4 Bh6 $17) 25... Re7 (25... g4 26. Nh4 $16) (25... Bf8 $11) 26. a6 (26. Nxc5 $16 Rb8 27. Nd4) 26... h5 27. h3 Bh6 28. g4 f5 (28... Bf8 $11 {keeps the balance.}) 29. Rd6 $16 (29. Nxc5 fxg4 30. Rd6 Rf8 31. hxg4 (31. Rxg6 Kh7 32. Re6 Rxf3+ 33. Kg2 Rxe6 34. Bxe6 Rxh3 $11) 31... hxg4 32. Rxg6 Rxf3+ 33. Kg2 Kh7 $14) 29... Kh7 30. Rg1 ({White should play} 30. Nxc5 $16 {Ne6 is the strong threat.} hxg4 31. hxg4 fxg4 32. Nd4) 30... fxg4 $11 31. hxg4 Rf8 {[#] And now ...Be4 would win.} 32. Ke2 Rfe8 33. Kd2 h4 34. Bb5 Rf8 35. Ke2 (35. Rf1 $11) 35... Nc2 36. Rd7 Rff7 $36 {[%mdl 2048] White is under pressure.} ({But not} 36... Rxd7 37. Bxd7 c4 38. Ne5 $11) 37. Rxe7 Rxe7 38. Nxc5 Rxe3+ 39. Kf2 {[#]} Rxf3+ $1 {[%mdl 512]} 40. Kxf3 Nd4+ 41. Kf2 {Black must now prevent Bd3.} Nxb5 42. Rd1 $1 {With the idea Rd7+.} Bg7 (42... Bf8 $17 43. Ne6 Bd6) 43. Ne6 $1 $15 {Strongly threatening Rd7.Black is slightly better.} Bf6 44. Rd5 {aiming for Nf8+.} Be8 {Hoping for ...Kh6.} 45. Nxg5+ Kg6 46. Nf3 1/2-1/2

[Event "BL 2016-17"]
[Site "St. Veit/Glan"]
[Date "2017.03.24"]
[Round "6"]
[White "Krassowizkij, Jaroslaw"]
[Black "Brkic, Ante"]
[Result "1-0"]
[WhiteElo "2454"]
[BlackElo "2560"]
[Annotator "TA"]
[PlyCount "53"]
[EventDate "2017.??.??"]
[EventType "team-tourn"]
[EventCountry "AUT"]
[SourceTitle "playchess.com"]
[Source "ChessBase"]
[SourceQuality "1"]
[WhiteTeam "Götzis"]
[BlackTeam "St. Veit"]

{[%evp 26,53,24,22,55,60,48,10,7,15,79,84,223,250,223,246,239,239,229,222,210,222,223,206,304,302,298,286,322,306]} 1. d4 Nf6 2. c4 e6 3. Nc3 Bb4 4. e3 O-O 5. Bd3 d5 6. Nf3 c5 7. O-O cxd4 8. exd4 dxc4 9. Bxc4 b6 10. Bg5 Bb7 11. Ne5 Bxc3 12. bxc3 Nbd7 13. Qe2 Qc7 14. Nxd7 Qxd7 {E54: Nimzo-Indian: Rubinstein: Main Line: 7...dxc4 8 Bxc4} 15. Bxf6 $1 gxf6 16. d5 Bxd5 {The position is equal.} (16... exd5 $6 17. Bd3 Kg7 18. Qh5 $16) 17. Rad1 {Threatens to win with Qg4+.} Rfd8 (17... Qc6 $11 {remains equal.} 18. Bxd5 exd5) 18. Qg4+ $16 Kf8 (18... Kh8 $16) 19. Bxd5 $18 exd5 {[#]} 20. Qh5 $1 {[%cal Rh5h6]} Kg7 {[#]} 21. Rd3 $1 {[%cal Rd3g3] And now Rg3+ would win.} Re8 22. Rg3+ $146 ({Don't take} 22. Rxd5 $6 Qe6 $16) (22. Rxd5) 22... Kf8 23. Qxh7 Ke7 24. Qg7 ({Much less strong is} 24. Re3+ $6 Kd6 $16) 24... Qf5 (24... Kd6 {was worth a try.} 25. Qxf6+ Re6) 25. Re3+ {White has a decisive advantage.} Kd6 26. Qxf7 Re5 {Now ...Qe6 and Black clings on.} 27. Rf3 1-0

[Event "BL 2016-17"]
[Site "St. Veit/Glan"]
[Date "2017.03.24"]
[Round "6"]
[White "Bayer, Bernhard"]
[Black "Nisipeanu, Liviu-Dieter"]
[Result "0-1"]
[WhiteElo "2443"]
[BlackElo "2680"]
[Annotator "TA"]
[PlyCount "137"]
[EventDate "2017.??.??"]
[EventType "team-tourn"]
[EventCountry "AUT"]
[SourceTitle "playchess.com"]
[Source "ChessBase"]
[SourceQuality "1"]
[WhiteTeam "Absam"]
[BlackTeam "Jenbach"]

{[%evp 8,137,2,3,3,2,15,12,10,12,17,11,14,8,27,9,10,10,10,0,1,0,0,0,8,8,27,28,31,12,16,13,22,22,25,25,25,25,29,25,24,29,45,13,10,15,20,0,0,-3,0,0,0,0,0,0,4,0,3,6,6,0,0,0,0,0,0,0,0,0,0,0,0,0,0,0,0,0,0,0,0,0,0,0,0,0,0,0,0,0,0,0,0,0,0,0,0,0,0,-66,-53,-58,-60,-49,-52,-391,-52,-59,-13,-13,-13,-13,-13,-14,-12,-77,-27,-488,-61,-45,-12,-16,-20,-74,-74,-76,-77,-29976,-29977,-29977,-29978,-29979]} 1. d4 d5 2. Nf3 Nf6 3. e3 Bg4 4. h3 Bxf3 5. Qxf3 e6 {D04: Colle System} (5... c6 6. b3 Nbd7 7. Bb2 e6 8. Bd3 Bb4+ 9. c3 Bd6 10. Nd2 e5 11. Qd1 O-O 12. O-O e4 13. Be2 {0-1 (65) Galkin,A (2590)-Ovetchkin,R (2534) playchess.com INT 2007}) 6. c4 Bb4+ 7. Bd2 Bxd2+ {The position is equal.} 8. Nxd2 (8. Kxd2 c5 $1 {[%mdl 512]} 9. cxd5 (9. dxc5 Nc6 10. Nc3 Qa5 11. cxd5 Nxd5 $17) (9. Nc3 $2 Qb6 10. Kc1 cxd4 11. exd4 Nc6 $17) 9... Qb6 $17) 8... O-O $146 (8... Nc6 9. Bd3 O-O 10. O-O Qd6 11. c5 Qe7 12. Qg3 g6 13. f4 {0-1 (41) Polat,Y-Essers,K Lommel 2002}) 9. cxd5 exd5 10. Bd3 c6 11. O-O Qe7 12. Rfc1 Nbd7 13. Rc3 Nb6 14. Rac1 Rfe8 15. Qe2 Rad8 16. a3 Rd6 17. b4 a6 18. Bc2 Rdd8 19. Rb1 Nc8 20. a4 Nd6 21. Bd3 Rc8 22. Rcc1 g6 23. Nb3 Nfe4 24. Nc5 f5 25. b5 axb5 26. axb5 Nxc5 27. Rxc5 f4 $1 {[%cal Rf4e3]} (27... cxb5 $6 28. Rxd5 Rc3 29. Rc5 $16) 28. Re1 fxe3 (28... cxb5 $6 29. Rxd5 (29. exf4 Qxe2 30. Rxe2 Rxe2 31. Bxe2 Rxc5 32. dxc5 Ne4 33. Bxb5 Nxc5 $11) 29... fxe3 30. Qxe3 $16) 29. fxe3 Kg7 30. bxc6 bxc6 31. Qg4 Nf7 (31... Ne4 $5 {is interesting.} 32. Bxe4 Qxe4 33. Qg3 Re6 34. Rc3 Rf6) 32. Qg3 Qg5 33. Qxg5 Nxg5 34. Rc3 Re6 35. Bc2 Ne4 36. Bxe4 Rxe4 $11 {[%mdl 4096] Endgame KRR-KRR} 37. Kf2 Re6 38. Ke2 Rb8 39. Rec1 Rb6 40. R3c2 h5 41. Rd2 h4 42. Rf1 Rb3 43. Rd3 Rb4 44. Rf3 Rc4 45. Rd2 Re7 46. Rf4 g5 47. Rf5 Kg6 48. Rf8 Rc3 49. Rd3 Rc1 50. Rg8+ Kf5 51. Rf8+ Ke4 52. Rd2 $1 Rc3 53. Rf3 (53. Rf6 $11) 53... Ra7 $15 54. Kf2 $1 Rd3 $1 {[%cal Rd3d2]} 55. Re2 Rd1 {aiming for ...Raa1.} 56. Rf6 $2 {[%mdl 8192] [#]} ({White has to play} 56. Rf8 $1 $15) 56... Kd3 $2 ({Black should play} 56... c5 $1 $19 {...c4 is the strong threat.} 57. Rb2 (57. dxc5 $2 Raa1 58. Re6+ Kf5 59. Rf6+ Kxf6 $19) 57... Raa1 58. Re6+ Kd3) 57. Rb2 Raa1 {[%csl Ga1][%cal Rd1f1]} (57... Ra8 $5 {creates asymmetry.} 58. Re2 Raa1 59. Kf3 Ra7 60. Kf2 Rd2) 58. Kf3 Rf1+ 59. Rf2 Rxf2+ 60. Kxf2 $11 {KR-KR} Ra8 61. Rf5 (61. Re6 $11) 61... Re8 62. Rf3 $2 {[%mdl 8192]} (62. Re5 $1 $11 {and White has nothing to worry.} Rf8+ 63. Ke1) 62... Re4 $2 ({Better is} 62... Re6 $19 63. g3 Re4) 63. g3 $15 Kd2 {Black wants to play ...Kd3.} 64. gxh4 gxh4 {And now ...Kd3 would win.} 65. Rf6 (65. Rf4 $11 {remains equal.}) 65... Rxe3 $17 66. Rxc6 Re4 {White must now prevent ...Rf4+.} ({But not} 66... Rxh3 67. Rc5 $11) 67. Rg6 $2 {[%mdl 8192] [#]} (67. Kf3 $17) 67... Rf4+ $1 ({Not} 67... Rxd4 68. Rf6 $17) 68. Kg2 Ke3 (68... Rxd4 $2 69. Rg5 $17) 69. Rg7 0-1

[Event "BL 2016-17"]
[Site "St. Veit/Glan"]
[Date "2017.03.24"]
[Round "6"]
[White "Baldauf, Marco"]
[Black "Tober, Gerhard"]
[Result "1-0"]
[WhiteElo "2439"]
[BlackElo "2260"]
[Annotator "TA"]
[PlyCount "95"]
[EventDate "2017.??.??"]
[EventType "team-tourn"]
[EventCountry "AUT"]
[SourceTitle "playchess.com"]
[Source "ChessBase"]
[SourceQuality "1"]
[WhiteTeam "Hohenems"]
[BlackTeam "St. Valentin"]

{[%evp 15,95,23,18,10,14,0,15,0,11,0,33,32,43,44,91,79,95,95,110,123,128,60,139,138,138,135,138,149,154,149,148,156,161,138,187,152,166,149,182,141,168,147,154,142,290,287,241,160,143,131,152,116,142,127,137,122,135,112,103,131,220,166,361,334,379,148,702,670,1381,1251,1180,1179,1746,1684,1564,1436,1368,1372,1539,1411,29991,29992]} 1. c4 d6 2. Nc3 e5 3. g3 Be6 4. Bg2 c6 5. d3 g6 6. e4 Bg7 7. Nge2 Ne7 8. O-O O-O 9. f4 {A21: English Opening: 1...e5 2 Nc3} f5 10. Kh1 $146 (10. Be3 Nd7 11. Qd2 Nf6 12. b3 Ng4 13. Kh1 Nxe3 14. Qxe3 Qb6 15. Qd2 Kh8 16. Na4 Qc7 17. d4 fxe4 18. Bxe4 Bh3 19. Bg2 Bxg2+ 20. Kxg2 Nf5 21. fxe5 dxe5 22. Nc5 Bh6 {0-1 (22) Valdes Escobar,A (2387)-Sorkin,I (2390) Atlantic City 2016}) 10... Nd7 {[%cal Bb8d7,Bd7f6,Bf6g4][%mdl 32]} 11. Be3 {The position is equal.} Nf6 12. b3 fxe4 13. dxe4 Ng4 14. Bg1 exf4 15. gxf4 Qd7 16. Qd3 b6 17. Nd4 Bf7 18. Bh3 (18. Rad1 $16) 18... h5 ({Better is} 18... c5 $14) 19. Rae1 $16 c5 20. Nde2 Be6 21. Bg2 Rad8 22. h3 Nh6 23. Qg3 Kh7 24. Rd1 Qc7 25. Rd2 a6 26. Be3 Qb8 27. a4 Qc7 28. Rfd1 Bc8 29. Rg1 Be6 (29... Rde8 $16) 30. Bf3 $18 Bf6 31. Nd5 Bxd5 32. Rxd5 ({Not} 32. exd5 $2 Nhf5 33. Qe1 (33. Qf2 $2 Bh4 34. Qh2 Nxe3 $19) 33... Nxe3 $19) 32... Rg8 33. Rd3 b5 34. axb5 axb5 35. Nc3 bxc4 36. Nb5 Qb8 37. bxc4 Nc6 (37... d5 $16) 38. Qf2 Nb4 $2 (38... Bd4 39. Nxd4 (39. Bxd4 Nxd4 40. Nxd4 cxd4 41. Qxd4 Rdf8 $18) 39... Nxd4 40. Bxd4 cxd4 41. Qxd4 Rdf8) 39. Ra3 Qc8 {[#]} 40. Ra7+ $2 (40. f5 $1 $18 {[%mdl 512] has better winning chances.} gxf5 41. Ra7+ (41. Bxh5 Qe6 $14) 41... Kh8 42. Bxh6) 40... Bg7 $2 {[%mdl 8192]} (40... Rd7 $16 41. f5 (41. Nxd6 Qd8 $16) 41... Rxa7 42. Nxa7 Qd7) 41. Qg2 Qe6 {[#]} 42. Bxh5 $1 {[%mdl 512]} Kh8 (42... gxh5 43. Rxg7+) 43. Bxg6 Rd7 44. f5 {[%cal Bf4f5,Bf5f6][%mdl 32]} Qe7 45. Bg5 Rxa7 46. Bxe7 Rxe7 47. Qg5 Rxe4 48. f6 1-0

[Event "BL 2016-17"]
[Site "St. Veit/Glan"]
[Date "2017.03.24"]
[Round "6"]
[White "Atlas, Valery"]
[Black "Heimberger, Reinhard"]
[Result "1-0"]
[WhiteElo "2432"]
[BlackElo "2285"]
[Annotator "TA"]
[PlyCount "65"]
[EventDate "2017.??.??"]
[EventType "team-tourn"]
[EventCountry "AUT"]
[SourceTitle "playchess.com"]
[Source "ChessBase"]
[SourceQuality "1"]
[WhiteTeam "Hohenems"]
[BlackTeam "St. Valentin"]

{[%evp 24,65,23,0,16,10,87,87,117,114,112,112,121,119,119,116,102,106,147,142,150,144,161,152,158,158,136,144,158,158,154,162,162,162,150,150,178,175,166,168,149,139,356,356]} 1. e4 c5 2. Nf3 d6 3. d4 cxd4 4. Nxd4 Nf6 5. Nc3 a6 6. g3 e5 7. Nb3 Be7 8. Bg2 O-O 9. O-O b5 10. a4 {B91: Sicilian Najdorf: 6 g3} b4 11. Nd5 Nxd5 12. Qxd5 Ra7 13. Be3 {LiveBook: 15 Games} Be6 14. Qd3 Rc7 $146 (14... Rb7 $11) (14... Rb7 15. Rfc1 Qc7 16. c3 Bc4 17. Qc2 Be6 {1-0 (35) Ponomariov,R (2734)-Safarli,E (2620) Istanbul 2012}) 15. Bb6 $16 Bc4 16. Qd2 (16. Bxc7 Qxc7 17. Qd2 Bxf1 18. Bxf1 Qb7 $14) 16... Bxf1 17. Bxf1 ({Much less strong is} 17. Bxc7 Qxc7 18. Bxf1 Qb7 $14) 17... Qc8 18. Bxc7 Qxc7 19. Qxb4 d5 20. Qa5 Qxc2 21. Qxd5 Qxb2 22. Bc4 Qc3 23. Rc1 Qb4 24. Qxe5 Nd7 25. Qa5 Qxa5 26. Nxa5 Nb6 27. Bb3 Rc8 28. Rxc8+ Nxc8 29. Nc6 Bc5 30. e5 Kf8 31. Nd8 Nb6 32. Nxf7 Nxa4 $2 {[#]} (32... Bd4 $16 33. e6 Ke7) 33. Ng5 1-0